Viết gì cũng đúng : 20 nguyên tắc vàng để viết rõ ràng và hiệu quả

Nội dung sách giúp bạn giải quyết ba vấn đề quan trọng nhất trong nghệ thuật viết, tổ chức và trình bày ý tưởng, van phong diễn đạt cùng cách đưa ra các ví dụ chứng minh và cách trình bày sao cho dễ nhìn, dễ tiếp nhận....

Täydet tiedot

Tallennettuna:
Bibliografiset tiedot
Päätekijä: Royal, Brandon
Aineistotyyppi: Kirja
Kieli:Undetermined
Julkaistu: Hà Nội Thế giới 2016
Aiheet:
Tagit: Lisää tagi
Ei tageja, Lisää ensimmäinen tagi!
Thư viện lưu trữ: Trung tâm Học liệu Trường Đại học Cần Thơ
LEADER 00993nam a2200217Ia 4500
001 CTU_221016
008 210402s9999 xx 000 0 und d
020 |c 59000 
082 |a 808.042 
082 |b R888/T.2 
100 |a Royal, Brandon 
245 0 |a Viết gì cũng đúng : 
245 0 |b 20 nguyên tắc vàng để viết rõ ràng và hiệu quả 
245 0 |c Brandon Royal ; Hồng Hải (Dịch) 
260 |a Hà Nội 
260 |b Thế giới 
260 |c 2016 
520 |a Nội dung sách giúp bạn giải quyết ba vấn đề quan trọng nhất trong nghệ thuật viết, tổ chức và trình bày ý tưởng, van phong diễn đạt cùng cách đưa ra các ví dụ chứng minh và cách trình bày sao cho dễ nhìn, dễ tiếp nhận. 
650 |a Report writing,Viết báo cáo 
904 |i Tuyến 
980 |a Trung tâm Học liệu Trường Đại học Cần Thơ